| 000 | 00594nam a2200181 a 4500 | ||
|---|---|---|---|
| 001 | 000035153 | ||
| 005 | 20200930074135.0 | ||
| 008 | 111025s1964 sp 000 0 spa d | ||
| 040 |
_aDO-SdBNP _bspa _cBNPHU |
||
| 082 |
_axxxx _bL334 |
||
| 100 | 1 |
_aLarroque, Enriquez _960866 |
|
| 245 | 1 | 3 |
_aEl hombre y la revolución científica. / _cEnrique Larroque. |
| 260 |
_aMadrid : _bEspasa-Calpe, _c1964. |
||
| 300 | _a227 p. | ||
| 490 | 1 |
_aHistoria y filosofía de la ciencia. _aSerie mayor |
|
| 504 | _aBibliografía : p. 325-327 | ||
| 830 | 0 |
_aHistoria y filosofía de la ciencia. _aSerie mayor _960867 |
|
| 999 |
_c34644 _d34644 |
||